000 00364nam a22001217a 4500
999 _c5549
_d5549
008 251002b ||||| |||| 00| 0 eng d
020 _a9780794430054
082 _a823.92 DIS
100 _aDISNEY
_lENGLISH
245 _aGUESS WHO DOC!
260 _a44 SOUTH BROADWAY,WHITE PLAINS,NY 10601 U.S.A.
_bREADER'S DIGEST CHILDREN'S PUBLISHING LIMITED
_c2014
942 _2ddc